00575nam a22001697a 450000500170000001000150001702000260003203500140005803700130007208200180008524500880010326000570019127000590024830000250030750000510033270000220038320231229160348.0 aENG-120073 a9789386535009c995.00 aEN-103605 bDBAD/PUB a333.823311095 aGas pipeline via Afghanistan Pakistan :bA blow to terrorism /cEdited by S.Ghosal aNew DelhibJawahar Publishers and Distributorsc2017 a46,Samachar Apartment Mayur Vihar-IbNew Delhie110091 avii,288p.c22cm(pbk) aIncludes bibliographical references and index  aNiraj Kumar Singh